| 000 | 01115 a2200361 4500 | ||
|---|---|---|---|
| 999 |
_c73212 _d21455 |
||
| 001 | 73212 | ||
| 003 | TR-AnTOB | ||
| 005 | 20200623183205.0 | ||
| 008 | 081229s2005 tu tur | ||
| 020 | _a9757250813 | ||
| 040 |
_aTR-AnTOB _cTR-AnTOB |
||
| 041 | _atur | ||
| 050 |
_aQC981.8.G56 _bK96 2005 |
||
| 090 | _aQC981.8.G56 K96 2005 | ||
| 245 | 0 |
_aKyoto protokolü ve Türkiye : _btartışma toplantısı : 29 Nisan 2005 / _cTürkiye Çevre Vakfı. |
|
| 264 | 1 |
_aAnkara : _bTürkiye Çevre Vakfı, _c2005. |
|
| 300 |
_a104 s. ; _c24 cm. |
||
| 336 |
_2rdacontent _atext _btxt |
||
| 337 |
_2rdamedia _aunmediated _bn |
||
| 338 |
_2rdacarrier _avolume _bnc |
||
| 490 | 0 |
_aTürkiye Çevre Vakfı ; _v172 |
|
| 650 |
_aİklim değişiklikleri _924776 |
||
| 650 | 7 |
_aÇevre hukuku, Uluslararası _2etuturkob _950807 |
|
| 650 | 0 |
_aEnvironmental law, International _950808 |
|
| 650 |
_aGreenhouse gases _xLaw and legislation _950809 |
||
| 650 |
_aGlobal warming _945484 |
||
| 650 |
_aKüresel ısınma _945482 |
||
| 902 | _a0024636 | ||
| 903 | _aMerkez Kütüphane | ||
| 942 |
_cBK _2lcc |
||
| 945 | _aCS | ||